[Event "IMSA Rapid Men 2019"]
[Site "Hengshui"]
[Date "2019.05.15"]
[Round "6.1"]
[White "Korobov, Anton"]
[Black "Dominguez Perez, Leinier"]
[Result "1-0"]
[WhiteElo "2687"]
[BlackElo "2750"]
[Annotator "TA"]
[PlyCount "75"]
[EventDate "2019.05.14"]
[EventType "rapid"]
[EventCountry "CHN"]
[SourceTitle "playchess.com"]
[Source "ChessBase"]
[SourceQuality "1"]

{[%evp 12,78,35,0,17,13,18,0,0,0,6,0,25,22,20,7,105,104,84,93,95,90,114,106,138,102,93,93,182,175,268,267,404,415,389,380,380,380,427,427,418,253,264,216,210,214,210,203,187,189,367,379,666,368,335,279,29992,29993,29993,1182,29994,29982,12849,1710,3323,1685,29996,616,585]} 1. d4 Nf6 2. c4 e6 3. Nc3 d5 4. cxd5 Nxd5 5. e4 Nxc3 6. bxc3 c5 7. a3 cxd4 {D35: Queen's Gambit Declined: Exchange Variation} (7... g6 8. Nf3 Bg7 9. Be2 O-O 10. h4 Nc6 11. Be3 Qa5 12. Bd2 Qd8 13. Be3 Qa5 14. O-O Qxc3 15. Rc1 Qxa3 16. Rxc5 {1-0 (46) Le,Q (2728)-Shimanov,A (2626) Philadelphia 2018}) 8. cxd4 e5 9. d5 Bd6 {The position is equal.} 10. Nf3 O-O 11. Be2 Nd7 {[%cal Bb8d7,Bd7c5,Bc5b7,Bb7d6][%mdl 32]} 12. Be3 $146 ({Predecessor:} 12. O-O Nc5 13. Nd2 Qe7 14. f3 Bd7 15. a4 {½-½ (38) Martinovic,S (2496)-Saric,A (2523) Zagreb 2012}) 12... Nc5 13. Nd2 b5 (13... b6 $11) 14. Rc1 $16 Qe7 15. Qc2 {[%cal Re3c5]} Nb7 16. Bxb5 Bxa3 17. Rb1 a5 18. O-O Nd6 19. Bc6 $1 $36 {[%cal Rc6a8][%mdl 2048] Keeping Black busy.} Ba6 (19... Bb7 $16) 20. Bxa8 $18 Bxf1 (20... Rxa8 $142 21. Rfd1 Bb4) 21. Bc6 ({But not} 21. Kxf1 $6 Rxa8 22. Qa4 Ne8 $16) 21... Ba6 (21... Be2 $142 22. Nb3 {[%mdl 64] Discovered Attack} Ba6 23. Nxa5 f5) 22. Qa4 $1 {[%csl LRa3,LRa5][%cal Ra4a3]} Nb7 {Now ...Bb4 and Black clings on.} 23. Bxb7 Bxb7 24. Qxa5 Ra8 25. Qb6 Ba6 26. h3 {And now Qc6 would win.} Qd6 27. Qb3 h6 28. Ra1 Be2 29. f3 {Hoping for Kf2.} Ra5 30. Kh2 Qb4 $2 (30... Bb4 31. Rxa5 Bxa5) 31. Qc2 Qb5 $2 (31... Ra6 32. Rb1 Qf8) 32. Qc8+ Kh7 33. Rb1 Qd3 $2 {[#]} (33... Qa6 $18 34. Qd7 Qf6) 34. Qf5+ $1 Kg8 35. Rb3 (35. Rb7 $142 Qxd5 36. exd5 f6 37. Qe6+ Kh7 38. Qxf6 Bf8 39. Qxf8 Kg6 40. Qxg7+ {[%mdl 64] Double Attack} Kh5 41. Qxh6#) 35... Qc2 36. Rb8+ Bf8 37. d6 (37. Qd7 $142 Qa4 38. Qe7 $1 {[%mdl 576] Double Attack}) 37... Rb5 38. Re8 {Played: Rb8-c8} 1-0

[Event "IMSA Rapid Men 2019"]
[Site "Hengshui"]
[Date "2019.05.15"]
[Round "6.2"]
[White "Fedoseev, Vladimir"]
[Black "Ponomariov, Ruslan"]
[Result "1/2-1/2"]
[WhiteElo "2683"]
[BlackElo "2675"]
[Annotator "TA"]
[PlyCount "82"]
[EventDate "2019.05.14"]
[EventType "rapid"]
[EventCountry "CHN"]
[SourceTitle "playchess.com"]
[Source "ChessBase"]
[SourceQuality "1"]

{[%evp 22,82,0,-14,0,0,0,0,0,0,10,0,0,-7,0,-3,12,-5,0,0,0,0,0,0,0,0,0,-22,-22,-25,-25,-31,-31,-31,-31,-31,-32,-32,-31,-19,-6,-45,-20,-20,0,-11,0,0,0,0,0,0,0,0,0,0,0,0,0,0,0,0,0]} 1. e4 e6 2. d4 d5 3. Nd2 c5 4. Ngf3 cxd4 5. exd5 Qxd5 6. Bc4 Qd7 7. O-O Nc6 8. Nb3 Nf6 9. Nbxd4 a6 10. a4 Nxd4 11. Nxd4 Qc7 12. Qe2 Bc5 {C07: French Tarrasch: 3...c5, 4 Ngf3 and 4 exd5 Qxd5} (12... Bd6 13. h3 O-O 14. Bg5 Ne4 15. Bh4 Nd2 16. Qxd2 Qxc4 17. Rfd1 Re8 18. b3 Qc5 19. Ne2 Bf8 20. a5 e5 21. Bg5 Bf5 {1-0 (46) Polgar,J (2693)-Jianu,V (2574) Yerevan 2014}) 13. Nf3 (13. Rd1 {with more complications.} O-O 14. Bg5 e5 15. Bxf6 Bxd4 16. c3) 13... O-O 14. Bg5 b6 15. Bd3 $146 ({Predecessor:} 15. Bxf6 gxf6 16. Rad1 Bb7 17. Nd4 Kh8 18. Kh1 Qf4 19. Qe3 Qxe3 20. fxe3 {1-0 (66) Kyc,J (2265)-Szustakowski,A (2376) Krakow 2018}) 15... Bb7 16. Bxf6 gxf6 17. Be4 Rfd8 18. Rad1 Kg7 19. g3 a5 20. Bxb7 Qxb7 21. b3 Rac8 22. Rd3 Rxd3 23. Qxd3 Bb4 {[#] ...Rc3 is the strong threat.} 24. c4 Be7 25. Rd1 Rd8 26. Qe2 $1 Rxd1+ 27. Qxd1 Qe4 28. Ne1 Bc5 29. Nd3 Bd4 30. Nf4 f5 31. Ne2 Bf6 32. Nf4 {The position is equal.} Be5 33. Qd8 Bxf4 34. gxf4 Qxf4 35. Qxb6 $11 {[%mdl 4096] Endgame KQ-KQ} Qg4+ 36. Kf1 Qd1+ 37. Kg2 Qg4+ 38. Kf1 Qd1+ 39. Kg2 Qg4+ 40. Kf1 Qd1+ 41. Kg2 Qg4+ {Accuracy: White = 46%, Black = 58%.} 1/2-1/2

[Event "IMSA Rapid Men 2019"]
[Site "Hengshui"]
[Date "2019.05.15"]
[Round "6.3"]
[White "Vidit, Santosh Gujrathi"]
[Black "Le, Quang Liem"]
[Result "1/2-1/2"]
[WhiteElo "2707"]
[BlackElo "2704"]
[Annotator "TA"]
[PlyCount "120"]
[EventDate "2019.05.14"]
[EventType "rapid"]
[EventCountry "CHN"]
[SourceTitle "playchess.com"]
[Source "ChessBase"]
[SourceQuality "1"]

{[%evp 14,120,13,0,0,-15,22,16,20,8,7,7,6,14,14,0,0,0,8,-14,-14,-17,-14,-14,-14,-20,14,12,55,53,56,56,65,65,98,97,96,93,149,93,96,78,91,101,98,45,51,10,26,3,21,8,12,8,10,10,10,10,27,15,16,21,45,45,66,62,115,89,101,73,73,73,73,73,48,18,18,15,15,15,15,15,15,15,15,0,0,0,0,0,0,0,0,0,0,0,0,0,0,0,0,0,0,0,0,0,0,0,0]} 1. d4 Nf6 2. c4 e6 3. g3 c5 4. Nf3 cxd4 5. Nxd4 Qc7 6. Nc3 a6 7. Bg2 Qxc4 8. O-O ({Predecessor:} 8. Bf4 Nc6 9. Nb3 d5 10. Rc1 Qb4 {½-½ (76) Oboladze,L (2340)-Filip,L (2438) Skopje 2019}) 8... Nc6 {A32: Symmetrical English: 2 Nf3 Nf6 3 d4 cxd4 4 Nxd4 e6} 9. Nb3 d5 10. Bf4 Qb4 11. Rc1 Be7 $1 12. a3 Qb6 13. e4 dxe4 14. Nxe4 $146 (14. Be3 Qc7 15. Nc5 O-O 16. N5xe4 {1-0 (31) Svane,R (2595)-Gelfand,B (2701) Douglas 2018}) 14... O-O 15. Be3 Qc7 16. Bf4 e5 17. Nxf6+ Bxf6 18. Be3 Rd8 19. Qc2 Be6 20. Nc5 $36 {[%mdl 2048] With the idea Nxb7! White is more active.} Bd5 21. Bxd5 Rxd5 22. Qb3 Rdd8 23. Qxb7 Qc8 24. Qxc8 Rdxc8 25. Nd7 Nd4 (25... Bd8 $142) 26. Kg2 (26. Rxc8+ $142 Rxc8 27. Nxf6+ gxf6 28. Bxd4 exd4 29. Rd1) 26... Rd8 $16 27. Rc7 Nb5 28. Nxf6+ gxf6 29. Rc6 (29. Rc4 $16) 29... Kg7 $1 $14 30. g4 Nd4 31. Rc4 Ne6 32. Rfc1 a5 33. Ra4 Rab8 34. b4 axb4 35. Rxb4 Rxb4 (35... Ra8 {is more complex.} 36. a4 Kg6 37. Kf3 f5 38. gxf5+ Kxf5 39. Ra1 Ra6) 36. axb4 $11 {[%mdl 4096] Endgame KRB-KRN} Rb8 37. Rb1 Nc7 38. Kf3 Nd5 39. Bd2 $1 Kf8 (39... Nc7 $14) 40. Ke4 $16 Ke7 41. Kxd5 {KRB-KR} Rd8+ 42. Ke4 Rxd2 {KR-KR} 43. b5 Kd7 44. b6 {[#] Strongly threatening b7.} Kc8 {The position is equal.} 45. b7+ Kb8 46. Ke3 Rd4 47. f3 f5 48. gxf5 Rf4 49. Rb6 Rxf5 50. h4 Rh5 51. Ke4 f6 52. Rxf6 {[#] Hoping for Rb6.} Kxb7 53. Rf5 Rxh4+ 54. Kxe5 h5 55. f4 (55. Rf6 {keeps more tension.} Rh3 56. f4 Rh1 57. Rh6 Kc7 58. Rh7+) 55... Rh1 56. Kf6 h4 57. Rh5 h3 58. f5 h2 59. Kf7 Rf1 60. Rxh2 Rxf5+ {Accuracy: White = 61%, Black = 73%.} 1/2-1/2

[Event "IMSA Rapid Men 2019"]
[Site "Hengshui"]
[Date "2019.05.15"]
[Round "6.4"]
[White "Rapport, Richard"]
[Black "Gelfand, Boris"]
[Result "1/2-1/2"]
[WhiteElo "2736"]
[BlackElo "2676"]
[Annotator "TA"]
[PlyCount "124"]
[EventDate "2019.05.14"]
[EventType "rapid"]
[EventCountry "CHN"]
[SourceTitle "playchess.com"]
[Source "ChessBase"]
[SourceQuality "1"]

{[%evp 10,124,-46,-64,11,9,6,16,11,0,2,8,3,0,43,17,48,37,56,35,49,47,46,38,49,7,5,10,33,-12,-11,-7,-10,-40,-9,-9,-6,-19,-2,-141,-16,-25,-20,-19,-10,-55,0,-21,0,0,14,14,6,0,17,20,16,11,27,15,23,7,7,0,0,0,0,-1,0,0,0,0,0,0,0,-5,8,8,8,0,0,0,39,8,8,8,8,8,10,8,15,15,27,8,8,8,8,8,8,0,0,0,0,0,0,0,0,0,0,0,0,0,0,0,0,0,0]} 1. e4 e5 2. f4 exf4 3. Nf3 d5 4. exd5 Nf6 5. Be2 Nxd5 6. c4 Nf6 {C36: King's Gambit Accepted: 3 Nf3 d5} (6... Nb4 $15 7. d4 Bf5) (6... Ne7 7. Nc3 Ng6 8. h4 Be7 9. h5 Nh4 10. Nd5 Nc6 11. d4 Nxg2+ 12. Kf1 Ne3+ 13. Nxe3 fxe3 14. d5 {½-½ (33) Rapport,R (2671)-Adams,M (2740) Biel 2015}) 7. d4 $1 $11 Bd6 8. c5 Be7 9. Nc3 O-O 10. Bxf4 Be6 11. O-O Nc6 $146 (11... Nd5 $5 {[%cal Rd5f4]} 12. Qd2 Nxf4 13. Qxf4 Nc6 $14) ({Predecessor:} 11... Nd5 12. Bg3 Nxc3 13. bxc3 {1-0 (25) Arilla Santos,E (1915)-Bienvenido Kleque,J (1567) Barcelona 2009}) 12. Qd2 Nd5 13. Bg3 a6 14. Kh1 Qd7 15. Rad1 Rad8 16. a3 f5 17. b4 Nxc3 18. Qxc3 Bd5 19. a4 f4 20. Bf2 Bf6 21. Bd3 Qf7 22. b5 axb5 23. axb5 Ne7 24. Qc2 {[#]} (24. Rfe1 $11 {keeps the balance.}) 24... Qh5 ({Black should try} 24... Bb3 $1 $17 {[%cal Rb3c2]} 25. Qe2 Bxd1) 25. Bc4 Bxc4 26. Qxc4+ Qd5 27. Nd2 Ra8 (27... Qxc4 $15 28. Nxc4 Nd5) 28. Rfe1 Ra2 {[#] And now ...Qxc4 would win.} 29. Qd3 Qf7 30. Ne4 {Black should prevent d5.} Nd5 31. Ra1 Rxa1 32. Rxa1 Qe6 33. Re1 Qf5 34. Qb3 Kh8 35. b6 cxb6 36. Nd6 Qh5 37. cxb6 h6 38. h3 f3 39. Qxf3 Qxf3 40. gxf3 Nxb6 41. Rb1 Nd5 42. Rxb7 Ra8 43. Ne4 Ra3 44. Nxf6 Nxf6 {[%mdl 4096] Endgame KRB-KRN} 45. Kg2 Nd5 46. Rb5 Nf4+ 47. Kg3 Ne2+ 48. Kg4 {White wants to play Re5.} Rd3 $1 49. Rd5 Kg8 50. h4 g6 51. Rd7 h5+ {The position is equal.} 52. Kg5 {Threatens to win with Re7.} Rxf3 53. Be1 Rf7 54. Rd6 Kh7 {[%csl Gg6][%cal Rf7f5]} 55. Rxg6 Rf1 56. Re6 Rxe1 {KRN-KR} 57. Re7+ Kg8 58. Kh6 Rd1 59. Rxe2 {aiming for Re4.} Rxd4 60. Kxh5 Rd7 61. Rg2+ Rg7 62. Rxg7+ Kxg7 {Accuracy: White = 50%, Black = 58%.} 1/2-1/2

[Event "IMSA Rapid Men 2019"]
[Site "Hengshui"]
[Date "2019.05.15"]
[Round "6.5"]
[White "Andreikin, Dmitry"]
[Black "Yu, Yangyi"]
[Result "0-1"]
[WhiteElo "2722"]
[BlackElo "2739"]
[Annotator "TA"]
[PlyCount "98"]
[EventDate "2019.05.14"]
[EventType "rapid"]
[EventCountry "CHN"]
[SourceTitle "playchess.com"]
[Source "ChessBase"]
[SourceQuality "1"]

{[%evp 9,98,7,0,0,-1,-2,0,-7,-1,-14,0,-22,14,0,12,19,16,13,14,11,11,7,9,-3,0,-14,-12,-17,-12,-17,-10,-23,-24,-27,-22,-21,0,0,27,35,19,32,37,0,0,0,0,0,0,-5,-5,-6,-5,-6,-19,-11,-10,-11,0,0,0,-14,0,-125,-130,-147,-171,-288,-170,-467,-450,-678,-683,-774,-754,-750,-750,-1116,-1121,-860,-1077,-29976,-29974,-29980,-29981,-29981,-29971,-29966,-29971,-29960,-29950]} 1. e4 e5 2. Nf3 Nc6 3. Nc3 Nf6 4. Bb5 Nd4 5. O-O c6 {[#] White must now prevent ...Nxf3+.} 6. Bd3 {C48: Four Knights: 4 Bb5, replies other than 4...Bb4} Nxf3+ 7. Qxf3 d6 8. Be2 {The position is equal.} Be7 9. d3 O-O 10. Qg3 Be6 11. Kh1 Kh8 12. f4 exf4 13. Bxf4 {[#]} d5 $146 14. Bc7 Qd7 15. Be5 d4 16. Nb1 {[%cal Bc3b1,Bb1d2,Bd2f3][%mdl 32]} Ne8 17. h4 f6 18. Bf4 Nd6 19. Nd2 c5 20. h5 Nf7 21. Nf3 Rae8 22. Rf2 Bd6 23. h6 {[%csl Gh6][%cal Rg3g7]} g5 (23... gxh6 {is interesting.} 24. Qh2 Rg8 25. Raf1 Bg4 26. Bxd6 Qxd6 27. Qh4 h5) 24. Bxd6 Qxd6 25. Qxd6 Nxd6 26. Raf1 {Strongly threatening Nxg5!} Nf7 27. b4 b6 28. bxc5 bxc5 29. Nd2 Nxh6 30. Bh5 Re7 31. Rxf6 Rxf6 32. Rxf6 Kg7 33. Rf1 Bg4 34. Bxg4 Nxg4 $11 {[%mdl 4096] Endgame KRN-KRN} 35. Nc4 Rf7 {[%cal Rf7f1]} 36. Re1 (36. Kg1 $11 {remains equal.}) 36... Rf2 $17 37. e5 Kf7 38. Nd6+ (38. e6+ $142 Ke7 39. Na5) 38... Ke7 (38... Ke6 $142 39. Rc1 Ne3) 39. Nc8+ $2 (39. Kg1 {was necessary.}) 39... Ke6 $19 40. Nxa7 (40. Rc1 $142 Ne3 41. Nxa7) 40... Rxc2 41. a4 Nf2+ 42. Kh2 Nxd3 43. Ra1 Nb2 44. Nb5 d3 45. Nc7+ Kxe5 {Black mates.} 46. a5 d2 47. a6 d1=Q {[%mdl 64] [#] Promotion} 48. Rxd1 Nxd1 49. a7 Ra2 {Accuracy: White = 47%, Black = 68%.} 0-1

[Event "IMSA Rapid Men 2019"]
[Site "Hengshui"]
[Date "2019.05.15"]
[Round "6.6"]
[White "Jones, Gawain C B"]
[Black "Cheparinov, Ivan"]
[Result "1/2-1/2"]
[WhiteElo "2702"]
[BlackElo "2667"]
[Annotator "TA"]
[PlyCount "96"]
[EventDate "2019.05.14"]
[EventType "rapid"]
[EventCountry "CHN"]
[SourceTitle "playchess.com"]
[Source "ChessBase"]
[SourceQuality "1"]

{[%evp 13,96,15,13,10,11,3,15,16,18,0,0,0,8,6,29,0,0,-3,0,-19,-9,-49,0,-27,0,-16,-17,-27,-19,-45,-39,-79,-66,-81,-95,-90,-66,-90,-85,-78,-56,-62,-64,-39,-30,-45,-53,-88,-98,-94,-34,-45,-45,-52,-52,-52,-50,-63,-63,-82,-61,-55,0,0,0,-68,0,-72,-83,-100,-47,-112,-37,-38,0,-51,-27,-28,-21,-25,0,-18,0,-26,0]} 1. e4 e5 2. Nf3 Nc6 3. Bc4 Bc5 4. O-O Nf6 5. d3 d6 6. a4 a5 7. c3 O-O 8. Nbd2 {[%cal Bb1d2,Bd2f1,Bf1g3][%mdl 32] C54: Giuoco Piano: 4 c3 Nf6, main lines with 5 d4 and 5 d3} (8. Bg5 h6 9. Bh4 g5 10. Bg3 Kg7 11. Nbd2 Ba7 12. Re1 Nh7 13. Nf1 h5 14. h3 h4 15. Bh2 g4 16. hxg4 Bxg4 {0-1 (76) Mamedov,R (2701)-Azarov,S (2585) Skopje 2019}) 8... h6 9. Re1 Be6 10. Qb3 {The position is equal.} Qd7 11. Nf1 Bxc4 12. Qxc4 Ba7 $146 ({Predecessor:} 12... Qe6 13. Qxe6 fxe6 14. Be3 Nd7 15. d4 exd4 16. Nxd4 Bxd4 17. Bxd4 Nxd4 18. cxd4 {½-½ (23) Hopman,P (2331)-Prusikin,M (2517) Bayerisch Eisenstein 2017}) 13. Be3 Ne7 14. Ng3 Bxe3 15. fxe3 Ng6 16. d4 Rfe8 17. Qb3 Qc6 18. Qb5 Ra6 19. Nd2 Rb6 20. Qxc6 Rxc6 21. d5 Ra6 22. Nc4 h5 23. Rf1 h4 24. Rxf6 gxf6 25. Nh5 Rb8 26. Rf1 Raa8 27. Nxf6+ Kg7 28. Na3 Rd8 29. Nh5+ Kh6 30. g4 hxg3 $1 31. Nxg3 Kg7 (31... Rd7 $17) 32. Nb5 Rd7 33. Nh5+ Kh6 34. Nf6 Re7 35. Kg2 Rh8 $1 36. Kg3 Kg7 $36 {[%mdl 2048] Black has the initiative.} 37. Rf5 Kf8 (37... Nf8 $1 $15) 38. Na3 Kg7 39. Nc4 (39. Nb5 $11) 39... Ra8 (39... b6 $15) 40. h4 {[#]} (40. Nh5+ $11 {keeps the balance.} Kh8 41. Nf6) 40... Nf8 $1 $17 41. Nh5+ Kh6 ({Black should play} 41... Kh8 $17) 42. Kh3 ({White should try} 42. Nf6 $15 Nh7 43. Ng4+ Kg7 44. Rf2) 42... Nh7 (42... Nd7 $17) 43. Ng3 Rd7 44. Rf2 ({Better is} 44. Rh5+ $11 Kg7 45. Kg2) 44... Kg7 45. Nf5+ Kh8 46. Nh6 Kg7 47. Nf5+ Kh8 48. Nh6 Kg7 {Accuracy: White = 50%, Black = 35%.} 1/2-1/2

[Event "IMSA Rapid Men 2019"]
[Site "Hengshui"]
[Date "2019.05.15"]
[Round "6.7"]
[White "Leko, Peter"]
[Black "Bu, Xiangzhi"]
[Result "1/2-1/2"]
[WhiteElo "2674"]
[BlackElo "2729"]
[Annotator "TA"]
[PlyCount "91"]
[EventDate "2019.05.14"]
[EventType "rapid"]
[EventCountry "CHN"]
[SourceTitle "playchess.com"]
[Source "ChessBase"]
[SourceQuality "1"]

{[%evp 9,91,15,34,17,22,11,9,8,0,0,19,14,48,22,34,29,46,39,78,59,61,60,83,57,64,56,57,45,42,56,51,10,18,10,31,17,46,25,27,41,43,51,48,0,0,0,46,0,19,10,19,6,10,6,51,6,14,6,6,6,6,6,60,10,68,68,68,68,71,71,71,71,71,71,79,53,53,0,79,0,53,0,79,0]} 1. e4 e5 2. Nf3 Nf6 3. Nxe5 d6 4. Nf3 Nxe4 5. Bd3 Nf6 6. O-O {C42: Petroff Defence: 3 Nxe5 and unusual White 3rd moves} Be7 7. Re1 O-O 8. Bf1 {The position is equal.} Re8 9. d4 Nbd7 10. c4 Nf8 11. h3 $146 {[%mdl 2048] White fights for an advantage.} ({Predecessor:} 11. Nc3 Ng6 12. h3 c6 13. d5 cxd5 14. Nxd5 Nxd5 15. Qxd5 {½-½ (59) Grischuk,A (2766)-Giri,A (2782) Leuven 2018}) 11... c6 12. Nc3 Bf5 13. d5 c5 14. Bf4 Ng6 15. Bh2 a6 16. Nd2 Bf8 17. Rxe8 Nxe8 18. a4 Be7 19. Nde4 Nf6 20. Bd3 {[#] And now Nxf6+ would win.} (20. Ng3 {seems wilder.} Bd7 21. Bd3 Qa5 22. Qc2 Re8 23. Nf1) 20... Nxe4 21. Bxe4 Bd7 22. Bd3 Bf6 23. Qc2 Qb6 24. Re1 Re8 25. Rxe8+ Bxe8 26. Bxg6 hxg6 27. Ne4 Be7 28. b3 Bd7 29. Bf4 Bf5 30. g4 (30. Qe2 {keeps more tension.} Kf8 31. Nd2 Qd8 32. Qf3 Bg5 33. Ne4) 30... Bxe4 $1 31. Qxe4 Kf8 32. Qd3 Qd8 33. Kg2 Bg5 34. Bh2 Bf6 35. Qe4 Qe7 (35... Kg8 $11) 36. Kf3 (36. Qxe7+ {with more complications.} Kxe7 37. Bf4 Bc3 38. Bc1 f6 39. f4) 36... Qxe4+ (36... Qd8 $11) 37. Kxe4 $11 {[%mdl 4096] Endgame KB-KB} Ke7 38. Bf4 a5 39. Be3 b6 40. f4 Bh4 41. Bd2 f6 42. Bc3 Kf7 43. Bd2 Ke7 $1 44. Bc3 Kf7 $1 45. Bd2 Ke7 $1 46. Bc3 {Accuracy: White = 41%, Black = 48%.} (46. g5 $16) 1/2-1/2

[Event "IMSA Rapid Men 2019"]
[Site "Hengshui"]
[Date "2019.05.15"]
[Round "6.8"]
[White "Wang, Hao"]
[Black "Mamedov, Rauf"]
[Result "1-0"]
[WhiteElo "2735"]
[BlackElo "2650"]
[Annotator "TA"]
[PlyCount "113"]
[EventDate "2019.05.14"]
[EventType "rapid"]
[EventCountry "CHN"]
[SourceTitle "playchess.com"]
[Source "ChessBase"]
[SourceQuality "1"]

{[%evp 19,117,21,22,14,11,6,20,9,42,0,22,23,13,0,0,0,0,0,0,0,0,0,0,0,0,0,0,0,0,0,0,0,0,0,67,67,74,58,88,0,0,0,58,41,36,104,44,0,0,0,0,0,0,0,0,0,0,0,0,0,0,0,0,0,364,328,456,0,0,0,0,0,0,0,0,-166,0,-87,0,0,0,0,0,0,0,0,0,0,0,0,0,0,0,0,29993,29994,29994,29995,29995,29996]} 1. d4 d5 2. c4 e6 3. Nc3 c5 4. cxd5 exd5 5. Nf3 Nc6 6. g3 Nf6 7. Bg2 Be7 8. O-O O-O 9. dxc5 Bxc5 10. Na4 Be7 11. b3 {D34: Tarrasch Defence: 6 g3 Nf6 7 Bg2 Be7} (11. Be3 Re8 12. Rc1 Ne4 13. Nd4 Bd7 14. Nc3 Bf6 15. Nxd5 Bxd4 16. Bxd4 Be6 17. Bxe4 Bxd5 18. Bb6 Qxb6 19. Bxd5 Rad8 20. e4 Nb4 {½-½ (43) Le,Q (2714)-Boros,D (2442) Burlingame 2019}) 11... Ne4 12. Bb2 Be6 13. Rc1 {The position is equal.} Qa5 14. a3 Rac8 15. b4 Qa6 16. e3 b5 17. Nc3 $146 ({Predecessor:} 17. Nc5 Nxc5 18. bxc5 Na5 19. Ne5 Rfd8 {1-0 (42) Toth,D (2068)-Prokopisin,V (2361) Gyongyos 2004}) 17... Nxc3 18. Rxc3 Bf6 19. Rxc6 Rxc6 20. Bxf6 gxf6 21. Nd4 Rc4 22. Qh5 Qxa3 23. Qh6 {[#]} Rxd4 $1 24. exd4 Qxb4 25. Qxf6 Qd2 26. f4 Rc8 ({Better is} 26... Qe3+ $11 27. Kh1 Rc8) 27. f5 $1 $14 {[%cal Rf5e6]} Bd7 ({Worse is} 27... Rc2 28. Qd8+ Kg7 29. f6+ Kh6 30. Qf8+ Kh5 31. Bf3+ Bg4 32. Qxf7+ Kg5 33. Qg7+ Kf5 34. Be2+ Ke4 35. Qxg4+ Ke3 36. Qf4+ Kxe2 37. Qf3#) 28. Bxd5 Be8 {White should prevent ...Rc2.} 29. Qe5 (29. Rf2 $1 $16 {[%cal Rf2d2]} Qc1+ 30. Kg2) 29... Bd7 $1 $11 30. Qf6 (30. Rf2 $11 Qc1+ 31. Kg2) 30... Be8 $14 {Black wants to play ...Rc2.} 31. Rf2 $1 {[%cal Rf2d2]} Qc1+ ({Not} 31... Rc1+ $2 32. Kg2 $18) 32. Kg2 Rc2 33. Rxc2 (33. h4 $5 {[%cal Rf6e7]} Rxf2+ 34. Kxf2 Qd2+ 35. Kf3 Qd1+ 36. Kf4 $16) 33... Qxc2+ 34. Kh3 Qe2 35. Qg5+ Kf8 $1 36. f6 {[%csl Gf6][%cal Rg5g7]} Bd7+ 37. g4 Be6 $1 38. Bc6 {[%csl Gf6][%cal Rg5g7]} Qf1+ 39. Bg2 Qd3+ {[%mdl 64] Double Attack} 40. Kh4 {Intending Qf4 and mate.} Qxd4 41. Kh5 Bxg4+ $2 {[%mdl 8192] [#]} (41... Qd6 $11 {and Black is okay.} 42. h3 b4) 42. Kh6 $1 $18 {[%mdl 512] Threatening mate with Bc6.} Be6 43. Bc6 $2 ({Only move:} 43. Kxh7 $18 {[%csl Gh7][%cal Rg5g8]} Ke8 44. Qxb5+ Kd8 45. Qg5 (45. Qb8+ Bc8 $11)) 43... Qg4 $11 {Strongly threatening ...Qh3+.} 44. Qg7+ Qxg7+ 45. fxg7+ {[%mdl 4096] Endgame KB-KB} Kg8 46. Bxb5 Bf5 47. Kg5 $2 (47. Bc4 $11) 47... Be6 $2 (47... Bc2 $1 $19 48. Kf6 Bb3) 48. Kf6 {[#]} (48. Kh6 $1 $11) 48... a5 (48... Bb3 $1 $17 {Threatens to win with ...a5.} 49. Ba6 h6) 49. Ba4 $1 h5 50. h4 $1 Bc4 51. Bd1 Be6 52. Bc2 Bd7 {Hoping for ...a4.} 53. Bb3 $1 {[%cal Rb3f7] [#]} Be6 $1 {[%cal Re6b3][%mdl 512]} 54. Ba4 (54. Bxe6 fxe6) 54... Bg4 55. Bc2 Bd7 {White must now prevent ...a4.} 56. Bb3 $1 {[%cal Rb3f7] [#]} Be8 $2 {[%mdl 8192] [#]} (56... Be6 $1 $11 {[%mdl 512]} 57. Ba4 (57. Bxe6 fxe6)) 57. Ba2 {Played: Bb3-c4} 1-0